| 000 | 00761nam a22001937a 4500 | ||
|---|---|---|---|
| 999 |
_c59813 _d59813 |
||
| 003 | Ge_BSU | ||
| 005 | 20230424105307.0 | ||
| 008 | 230424s2018 enk||||| |||| 00| 0 eng d | ||
| 020 | _a9781981855926 | ||
| 080 | _a37.013.77+159.9 C-86 | ||
| 100 |
_aCox, Chandler _917743 |
||
| 245 |
_aClinical Interventions for Counseling Children and Adolescents: _bA Toolbox for School-Based Therapists & School Counselors. Volume 1 / _cChandler Cox, Jennifer Jordan. |
||
| 264 | _c2018. | ||
| 300 |
_a164 p. : _bill.; _c23 cm. |
||
| 653 | _aკლინიკური ინტერვენციები ბავშვებისა და მოზარდებში | ||
| 653 | _aთერაპია | ||
| 700 |
_aJordan, Jennifer _917744 |
||
| 942 |
_2udc _cBK |
||